000 00905nam a2200217Ia 4500
003 GCL
005 20240530105220.0
008 140319s9999 xx 000 0 ara d
040 _aGCL /
_cGCL
082 0 4 _a953
_bك ب
100 1 _aابن كثير القرشى : عماد الدين ابوالفداء اسماعيل بن عمر بن كثير بن ضوء البصرى الدمشقى
245 1 0 _aالبداية والنهاية /
_cابن كثير القرشى : عماد الدين ابوالفداء اسماعيل بن عمر بن كثير بن ضوء البصرى الدمشقى
250 _aط1
260 _aالقاهرة :
_bدار الغد العربى ،
_c1991
300 _a8 مج ؛
_c24 سم
650 0 4 _aالاسلام
650 0 4 _aالتاريخ الاسلامى
650 0 4 _aالحضارة الاسلامية
650 0 4 _aالاسلام - تراجم
942 _2ddc
_cBK
999 _c54030
_d54030